Bezpečnost při práci s elektrickým zařízením [konf.], Ostrava 1975, [poř.] ČSVTS - společ. elektrotechn., [Praha] : sborník referátů

Bibliographic Details
Format: Book
Language:Czech
PhysicalDescription:82 s. 4°
Published: Praha [nákl. vl.] 1975

MARC

LEADER 00000nam a2200000 a 4500
001 vtls001289335
003 SK-MaSNL
005 20260223124428.0
008 210928s1975 xr 0 cze
035 |a SNK000240955 
040 |a SNK  |b slo  |c SNK  |e AACR2 
044 |a xr  |c CZ 
245 1 |a Bezpečnost při práci s elektrickým zařízením  |b [konf.], Ostrava 1975, [poř.] ČSVTS - společ. elektrotechn., [Praha] : sborník referátů 
260 |a Praha  |b [nákl. vl.]  |c 1975 
300 |a 82 s.  |c 4° 
958 |a OND 
999 |c 542377  |d 544307 
952 |t P60, <04>, [BOOK], {604}  |a SNK  |b SNK  |y VYP  |7 0  |o snkIB 32097  |i snkKIP 2376/75  |0 0  |1 0  |4 0  |d 1997-06-04  |l 0  |r 2005-01-02 00:00:00  |w 2026-02-23 
952 |t P60, <04>, [BOOK], {604}  |a SNK  |b SNK  |y VYP  |7 0  |o snkIB 32097 D1  |i snkKIP 2377/75  |0 0  |1 0  |4 0  |d 1997-06-04  |l 0  |r 2005-01-02 00:00:00  |w 2026-02-23